000 01065nam a22003257a 4500
003 CHAP
005 20220329140515.0
008 971013s1972 r 00010 d
010 _a53029
011 _a54001
035 _a58151
040 _cCHAP
090 _aFolleto 3790
100 0 0 _aWassink, E. C.
_9121144
245 _aSome notes on temperature relations in plant physiological processes
260 _aWageningen :
_bVeenman & Zonen,
_c1972
300 _a15 p.
_b; gráfs.
490 _aMededelingen Landbouwhogeschool
_v; 72-25
590 _aBATCH-UPD
_b10
_c20130110
_lUCH01
_h1647
590 _aBATCH-UPD
_b10
_c20130410
_lUCH01
_h1037
590 _aBATCH-UPD
_b10
_c20130914
_lUCH01
_h1412
590 _aCONVERSION
_b10
_c20130109
_lUCH01
_h1329
650 1 4 _aFisiología vegetal.
_941136
650 1 4 _aPlantas
_xMetabolismo.
_988858
650 1 4 _aTemperatura
_xEfecto en plantas.
_9112219
830 0 _aMededelingen Landbouwhogeschool
_v; 72-25
_973858
901 _aBK
942 _cFOLL
949 _aFolleto 3790
_bBC
_cFOLL
_d-126261
_eTS1
_i58151
_mD
_si
999 _c53029
_d53029